[Event "2. Bundesliga Ost 2019/2020"]
[Site "alle Wien"]
[Date "2019.11.17"]
[Round "4"]
[Board "4"]
[White "Kuntner, Reinhard"]
[Black "Brod, Manfred"]
[Result "1-0"]
[WhiteElo "2049"]
[BlackElo "2217"]
[PlyCount "67"]
[EventDate "2019.10.19"]
[EventType "team"]
[EventRounds "11"]
[EventCountry "AUT"]
[WhiteTeam "Amateure"]
[BlackTeam "ASVOE Mattersburg"]

1. d4 d5 2. c4 dxc4 3. e4 Nf6 4. Nc3 e5 5. d5 b5 6. Bg5 a6 7. Nf3 Nbd7 8. Qc2
Bb7 9. Be2 h6 10. Bh4 g5 11. Bg3 Bd6 12. a4 c6 13. dxc6 Bxc6 14. Rd1 Qe7 15. h3
Bb4 16. O-O Bxc3 17. bxc3 Bxe4 18. Qc1 Nh5 19. Rxd7 Qxd7 20. Bxe5 f6 21. Qe3
Qb7 22. Nd2 O-O-O 23. Nxe4 fxe5 24. Bxh5 Rd3 25. Qxd3 cxd3 26. Nd6+ Kc7 27.
Nxb7 Kxb7 28. axb5 axb5 29. Re1 Rc8 30. Rxe5 Kb6 31. Rd5 Rxc3 32. Bg6 Rc1+ 33.
Kh2 Rf1 34. Rxb5+  1-0

[Event "2. Bundesliga Ost 2019/2020"]
[Site "alle Wien"]
[Date "2019.11.17"]
[Round "4"]
[Board "5"]
[White "Strodl, Joachim"]
[Black "Wiedermann, Daniel"]
[Result "1-0"]
[WhiteElo "2165"]
[BlackElo "2084"]
[PlyCount "75"]
[EventDate "2019.10.19"]
[EventType "team"]
[EventRounds "11"]
[EventCountry "AUT"]
[WhiteTeam "ASVOE Mattersburg"]
[BlackTeam "Amateure"]

1. c4 Nc6 2. Nc3 e5 3. g3 Nf6 4. Bg2 Bc5 5. e3 d5 6. cxd5 Nb4 7. d3 Nfxd5 8.
Nxd5 Nxd5 9. a3 O-O 10. Ne2 c6 11. O-O Bb6 12. Qc2 Bg4 13. h3 Be6 14. Rd1 Qd7
15. Kh2 Rad8 16. Bd2 f5 17. d4 f4 18. exf4 exd4 19. Be1 c5 20. Ng1 c4 21. Qe4
Rfe8 22. Rac1 Bf7 23. Qf3 Qb5 24. Rb1 Qa4 25. Bf1 c3 26. bxc3 dxc3 27. Bb5 Qa5
28. Bxe8 Rxe8 29. Rbc1 Qxa3 30. Bxc3 Nxc3 31. Rxc3 Qa2 32. Kg2 Qb2 33. Rcd3 Bc4
34. R3d2 Qb5 35. Qxb7 Qb3 36. Nf3 Be2 37. Rxe2 Rxe2 38. Rd8+  1-0

[Event "2. Bundesliga Ost 2019/2020"]
[Site "alle Wien"]
[Date "2019.11.17"]
[Round "4"]
[Board "6"]
[White "Jirovec, Alfred"]
[Black "Wiedner, Robert"]
[Result "0-1"]
[WhiteElo "2006"]
[BlackElo "2113"]
[PlyCount "124"]
[EventDate "2019.10.19"]
[EventType "team"]
[EventRounds "11"]
[EventCountry "AUT"]
[WhiteTeam "Amateure"]
[BlackTeam "ASVOE Mattersburg"]

1. Nf3 c5 2. c4 d6 3. g3 Nc6 4. Bg2 g6 5. O-O Bg7 6. a3 Nh6 7. d3 Nf5 8. Nc3 h5
9. e4 Nfd4 10. Be3 Bg4 11. Rb1 h4 12. Nb5 hxg3 13. hxg3 Qd7 14. Re1 a6 15.
Nbxd4 Bxd4 16. Qa4 Bxf3 17. Bxf3 Bxe3 18. Rxe3 e5 19. Bg2 Ke7 20. b4 cxb4 21.
axb4 b5 22. Qd1 Nd4 23. Re1 Qe6 24. cxb5 axb5 25. Rb2 g5 26. f3 Rhg8 27. Rf1
Ra3 28. Rff2 Rga8 29. Rb1 Rc3 30. Qd2 Rac8 31. Qxg5+ Qf6 32. Qxf6+ Kxf6 33. Bf1
Rc1 34. Rbb2 R8c3 35. Kg2 Nc2 36. Re2 Ne1+ 37. Rxe1 Rxe1 38. f4 Rec1 39. fxe5+
Kxe5 40. Rd2 R1c2 41. d4+ Ke6 42. Rxc2 Rxc2+ 43. Kf3 Rb2 44. Bxb5 Rxb4 45. d5+
Ke5 46. Be8 Rb7 47. g4 Ra7 48. g5 Ra3+ 49. Kg4 Ra7 50. Kf3 Re7 51. Ba4 Kd4 52.
Bc2 Rc7 53. Ba4 Rc3+ 54. Kf4 Re3 55. Bc2 Re2 56. Bb3 Rxe4+ 57. Kf5 Re3 58. Ba4
Rf3+ 59. Kg4 Rf2 60. Bc6 Ke4 61. Kg3 Rf1 62. Kg4 Rg1+  0-1

[Event "2. Bundesliga Ost 2019/2020"]
[Site "alle Wien"]
[Date "2019.11.17"]
[Round "4"]
[Board "1"]
[White "Videki, Sandor"]
[Black "Loeffler, Stefan"]
[Result "0-1"]
[WhiteElo "2405"]
[BlackElo "2373"]
[PlyCount "86"]
[EventDate "2019.10.19"]
[EventType "team"]
[EventRounds "11"]
[EventCountry "AUT"]
[WhiteTeam "Data Technology Pressbaum/E."]
[BlackTeam "ASVOE VHS Poechlarn"]

1. d4 e6 2. e4 d5 3. Nc3 dxe4 4. Nxe4 Qd5 5. Bd3 Nc6 6. Ne2 e5 7. c4 Bb4+ 8.
Kf1 Qd7 9. d5 Nd8 10. N2g3 Be7 11. Nc3 g6 12. Qe2 f6 13. h4 Nf7 14. h5 g5 15.
Nf5 Kf8 16. Qf3 Bb4 17. Ne2 b5 18. cxb5 Bb7 19. Ne3 Rd8 20. Nc3 Nd6 21. Bd2 Re8
22. Qd1 e4 23. Be2 f5 24. Qb3 Ba5 25. Nxe4 Bxd2 26. Nxd2 Nf6 27. Qc3 Kf7 28.
Ndc4 f4 29. Nc2 Rxe2 30. Kxe2 Nxc4 31. Qxc4 Bxd5 32. Qd4 Rd8 33. f3 Bxf3+ 34.
gxf3 Qe6+ 35. Kd3 Qf5+ 36. Kc3 Rxd4 37. Nxd4 Nd5+ 38. Kd2 Qe5 39. Nc2 Qxb2 40.
Rac1 Qxb5 41. Rhe1 Qa5+ 42. Kd3 Qc3+ 43. Ke2 Ne3  0-1

[Event "2. Bundesliga Ost 2019/2020"]
[Site "alle Wien"]
[Date "2019.11.17"]
[Round "4"]
[Board "2"]
[White "Ganaus, Hannes"]
[Black "Hechl, Gerald"]
[Result "1/2-1/2"]
[WhiteElo "2196"]
[BlackElo "2359"]
[PlyCount "21"]
[EventDate "2019.10.19"]
[EventType "team"]
[EventRounds "11"]
[EventCountry "AUT"]
[WhiteTeam "ASVOE VHS Poechlarn"]
[BlackTeam "Data Technology Pressbaum/E."]

1. d4 d5 2. Nf3 Bf5 3. c4 e6 4. Qb3 Nc6 5. Qxb7 Nb4 6. Na3 Rb8 7. Qxa7 Ra8 8.
Qb7 Rb8 9. Qa7 Ra8 10. Qb7 Rb8 11. Qa7  1/2-1/2

[Event "2. Bundesliga Ost 2019/2020"]
[Site "alle Wien"]
[Date "2019.11.17"]
[Round "4"]
[Board "3"]
[White "Neumeier, Klaus"]
[Black "Weinzettl, Ernst"]
[Result "0-1"]
[WhiteElo "2273"]
[BlackElo "2175"]
[PlyCount "72"]
[EventDate "2019.10.19"]
[EventType "team"]
[EventRounds "11"]
[EventCountry "AUT"]
[WhiteTeam "Data Technology Pressbaum/E."]
[BlackTeam "ASVOE VHS Poechlarn"]

1. c4 e6 2. g3 d5 3. Bg2 c5 4. Nf3 Nc6 5. O-O d4 6. e3 Nf6 7. exd4 cxd4 8. d3
Be7 9. Re1 O-O 10. Na3 Ne8 11. Nc2 a5 12. a3 f6 13. Bd2 a4 14. Nb4 Nc7 15. Nh4
Na5 16. Qxa4 Nxc4 17. Qc2 Nxd2 18. Qxd2 g5 19. Nf3 g4 20. Nh4 f5 21. Qf4 Ra5
22. Rac1 e5 23. Qh6 Ne6 24. Bd5 Rxd5 25. Rxc8 Qxc8 26. Nxd5 Bg5 27. Qxg5+ Nxg5
28. Ne7+ Kf7 29. Nxc8 Rxc8 30. Rxe5 Rc1+ 31. Kg2 Nh3 32. Nf3 Kf6 33. Re8 Rc2
34. Rf8+ Kg7 35. Rxf5 Rxf2+ 36. Kh1 gxf3  0-1

[Event "2. Bundesliga Ost 2019/2020"]
[Site "alle Wien"]
[Date "2019.11.17"]
[Round "4"]
[Board "4"]
[White "Batyte, Daiva"]
[Black "Weissenbeck, Manuel"]
[Result "1/2-1/2"]
[WhiteElo "2145"]
[BlackElo "2271"]
[PlyCount "34"]
[EventDate "2019.10.19"]
[EventType "team"]
[EventRounds "11"]
[EventCountry "AUT"]
[WhiteTeam "ASVOE VHS Poechlarn"]
[BlackTeam "Data Technology Pressbaum/E."]

1. c4 e5 2. Nc3 Nf6 3. g3 Bb4 4. Bg2 O-O 5. Nd5 Nxd5 6. cxd5 c6 7. Qb3 Na6 8.
Nf3 Qf6 9. O-O e4 10. Ne1 Re8 11. d3 cxd5 12. Qxd5 Re5 13. Qd4 Bc5 14. Qc3 Bb4
15. Qd4 Bc5 16. Qc3 Bb4 17. Qd4 Bc5  1/2-1/2

[Event "2. Bundesliga Ost 2019/2020"]
[Site "alle Wien"]
[Date "2019.11.17"]
[Round "4"]
[Board "5"]
[White "Lucaci, Marius"]
[Black "Schweitzer, Werner"]
[Result "1/2-1/2"]
[WhiteElo "2149"]
[BlackElo "2035"]
[PlyCount "80"]
[EventDate "2019.10.19"]
[EventType "team"]
[EventRounds "11"]
[EventCountry "AUT"]
[WhiteTeam "Data Technology Pressbaum/E."]
[BlackTeam "ASVOE VHS Poechlarn"]

1. e4 c6 2. d4 d5 3. exd5 cxd5 4. c4 Nf6 5. Nc3 Nc6 6. Nf3 Bg4 7. Be3 e6 8. Be2
Be7 9. O-O O-O 10. Ne5 Bxe2 11. Qxe2 Rc8 12. Nxc6 bxc6 13. c5 e5 14. dxe5 Nd7
15. b4 Nxe5 16. Bd4 Nc4 17. Rad1 Re8 18. Qg4 Bf6 19. b5 Bxd4 20. Qxd4 Qc7 21.
bxc6 Qxc6 22. Rfe1 Rxe1+ 23. Rxe1 h6 24. Nxd5 Qxc5 25. Qg4 Kf8 26. Qf5 f6 27.
Qe6 Ne5 28. Rxe5 fxe5 29. Qf5+ Ke8 30. Qe6+ Kf8 31. Qf5+ Ke8 32. Qxe5+ Kf8 33.
Qf5+ Ke8 34. h3 Rc6 35. Qe5+ Kf7 36. Qf5+ Ke8 37. Qe4+ Kf7 38. Qf3+ Ke8 39.
Qe4+ Kf7 40. Qf5+ Ke8  1/2-1/2

[Event "2. Bundesliga Ost 2019/2020"]
[Site "alle Wien"]
[Date "2019.11.17"]
[Round "4"]
[Board "6"]
[White "Mittermayr, Gerhard"]
[Black "Schmidrathner, Christian"]
[Result "1/2-1/2"]
[WhiteElo "2071"]
[BlackElo "2092"]
[PlyCount "59"]
[EventDate "2019.10.19"]
[EventType "team"]
[EventRounds "11"]
[EventCountry "AUT"]
[WhiteTeam "ASVOE VHS Poechlarn"]
[BlackTeam "Data Technology Pressbaum/E."]

1. e4 c5 2. Nf3 d6 3. d4 cxd4 4. Nxd4 Nf6 5. Nc3 g6 6. Be3 Bg7 7. f3 O-O 8. Qd2
Nc6 9. Bc4 Bd7 10. O-O-O Rc8 11. Bb3 Nxd4 12. Bxd4 b5 13. e5 dxe5 14. Bxe5 Bc6
15. Qg5 Qa5 16. h4 b4 17. Bxf6 Qxg5+ 18. Bxg5 bxc3 19. Bxe7 cxb2+ 20. Kb1 Rfe8
21. Rhe1 Bc3 22. Re3 Bf6 23. Rde1 Bd4 24. R3e2 Bc3 25. Rd1 Bb4 26. Bxb4 Rxe2
27. Rg1 Bb5 28. Kxb2 Bd3 29. Bc3 Bc4 30. f4  1/2-1/2

[Event "2. Bundesliga Ost 2019/2020"]
[Site "alle Wien"]
[Date "2019.11.17"]
[Round "4"]
[Board "1"]
[White "Baumegger, Siegfried"]
[Black "Petrik, Tomas"]
[Result "1/2-1/2"]
[WhiteElo "2432"]
[BlackElo "2462"]
[PlyCount "90"]
[EventDate "2019.10.19"]
[EventType "team"]
[EventRounds "11"]
[EventCountry "AUT"]
[WhiteTeam "tschaturanga"]
[BlackTeam "SG Mistelbach/Altlichtenwarth"]

1. d4 e6 2. c4 Nf6 3. Nc3 Bb4 4. Qc2 O-O 5. a3 Bxc3+ 6. Qxc3 b6 7. Nf3 Bb7 8.
e3 d6 9. Be2 Ne4 10. Qc2 Ng5 11. Nd2 f5 12. O-O Nd7 13. b4 Qf6 14. f3 e5 15. d5
Nf7 16. f4 c6 17. dxc6 Bxc6 18. Bb2 Qe6 19. Bd3 Nh6 20. Rae1 Rae8 21. Nb3 Qg6
22. Qd2 Kh8 23. Bc3 Re7 24. Qf2 Rfe8 25. h3 Nf6 26. c5 bxc5 27. bxc5 Ne4 28.
Bxe4 Bxe4 29. cxd6 Qxd6 30. Bb4 Qd5 31. Bxe7 Qxb3 32. Bd6 Nf7 33. fxe5 Nxe5 34.
Bxe5 Rxe5 35. Rc1 Re8 36. Rc7 Qxa3 37. Qg3 Qb2 38. Rxa7 h6 39. Rc7 Kh7 40. Rd1
Re6 41. Qf2 Qe5 42. Qf4 Qb2 43. Qf2 Qe5 44. Qf4 Qb2 45. Qf2 Qe5  1/2-1/2

[Event "2. Bundesliga Ost 2019/2020"]
[Site "alle Wien"]
[Date "2019.11.17"]
[Round "4"]
[Board "2"]
[White "Mikes, Jan"]
[Black "Morgunov, Marc"]
[Result "1-0"]
[WhiteElo "2355"]
[BlackElo "2280"]
[PlyCount "85"]
[EventDate "2019.10.19"]
[EventType "team"]
[EventRounds "11"]
[EventCountry "AUT"]
[WhiteTeam "SG Mistelbach/Altlichtenwarth"]
[BlackTeam "tschaturanga"]

1. e4 c5 2. c3 d5 3. exd5 Qxd5 4. d4 Nf6 5. Nf3 e6 6. Na3 Qd8 7. Nc4 Nc6 8. Be3
cxd4 9. Nxd4 Nd5 10. Bd3 Nxe3 11. fxe3 Be7 12. O-O O-O 13. Nxc6 bxc6 14. Ne5
Bf6 15. Nxc6 Qb6 16. Rxf6 Qxc6 17. Rf4 Rb8 18. Qe2 e5 19. Rc4 Qe6 20. Rc5 Rd8
21. Bc4 Qe7 22. Rd5 Be6 23. Rxd8+ Rxd8 24. Bxe6 Qxe6 25. Rd1 Rxd1+ 26. Qxd1 g6
27. b3 Kg7 28. c4 Qc6 29. Qd5 Qxd5 30. cxd5 e4 31. d6 Kf6 32. d7 Ke7 33. d8=Q+
Kxd8 34. Kf2 Kd7 35. Kg3 Ke6 36. Kf4 f5 37. g4 fxg4 38. Kxg4 h6 39. Kf4 Kd5 40.
a3 Ke6 41. Kxe4 g5 42. b4 h5 43. a4  1-0

[Event "2. Bundesliga Ost 2019/2020"]
[Site "alle Wien"]
[Date "2019.11.17"]
[Round "4"]
[Board "3"]
[White "Sadilek, Maximilian"]
[Black "Groetz, Harald"]
[Result "0-1"]
[WhiteElo "2313"]
[BlackElo "2312"]
[PlyCount "80"]
[EventDate "2019.10.19"]
[EventType "team"]
[EventRounds "11"]
[EventCountry "AUT"]
[WhiteTeam "tschaturanga"]
[BlackTeam "SG Mistelbach/Altlichtenwarth"]

1. e4 c5 2. Nc3 a6 3. g3 b5 4. Bg2 Bb7 5. Nge2 e6 6. O-O b4 7. Na4 Nf6 8. d4
Nxe4 9. c4 bxc3 10. bxc3 d5 11. Rb1 Ra7 12. Be3 Nd7 13. c4 Be7 14. Bxe4 dxe4
15. dxc5 Bc6 16. Nd4 Qc7 17. Rb6 Ba8 18. Qa1 O-O 19. Rfb1 Nxc5 20. Nxc5 Bxc5
21. Rxe6 fxe6 22. Nxe6 Bxe3 23. fxe3 Qd6 24. Nxf8 Kxf8 25. Rd1 Qc5 26. Rd8+ Ke7
27. Rd4 Bc6 28. Kg2 Qf5 29. Qc3 Ke8 30. Rd6 Rf7 31. Qe1 Qf3+ 32. Kg1 Rd7 33.
Rxd7 Bxd7 34. Qc3 Kf7 35. Qd4 Bh3 36. Qd5+ Kg6 37. Qc6+ Kg5 38. Qd5+ Kh6 39.
Qd6+ g6 40. Qf4+ Qxf4  0-1

[Event "2. Bundesliga Ost 2019/2020"]
[Site "alle Wien"]
[Date "2019.11.17"]
[Round "4"]
[Board "4"]
[White "Hofmann, Thomas"]
[Black "Sadilek, Peter"]
[Result "0-1"]
[WhiteElo "2228"]
[BlackElo "2280"]
[PlyCount "62"]
[EventDate "2019.10.19"]
[EventType "team"]
[EventRounds "11"]
[EventCountry "AUT"]
[WhiteTeam "SG Mistelbach/Altlichtenwarth"]
[BlackTeam "tschaturanga"]

1. d4 d5 2. c4 c6 3. Nc3 Nf6 4. cxd5 cxd5 5. f3 Qb6 6. e3 Nc6 7. Bd3 e5 8. Nge2
Bd6 9. O-O O-O 10. Kh1 a6 11. Bc2 Qc7 12. f4 exd4 13. exd4 Bg4 14. h3 Bxe2 15.
Nxe2 Rfe8 16. Nc3 Qb6 17. Bb3 Nxd4 18. Nxd5 Nxd5 19. Bxd5 Ne2 20. Kh2 Rac8 21.
Qa4 Bc5 22. Qb3 Bg1+ 23. Kh1 Bf2 24. Rd1 Qxb3 25. Bxb3 Rcd8 26. g4 Rxd1+ 27.
Bxd1 Bd4 28. Kg2 g6 29. Bd2 Bxb2 30. Rb1 Bc3 31. Kf3 Nd4+  0-1

[Event "2. Bundesliga Ost 2019/2020"]
[Site "alle Wien"]
[Date "2019.11.17"]
[Round "4"]
[Board "5"]
[White "Kaphle, Sebastian"]
[Black "Vrana, Frantisek"]
[Result "1/2-1/2"]
[WhiteElo "2191"]
[BlackElo "2254"]
[PlyCount "85"]
[EventDate "2019.10.19"]
[EventType "team"]
[EventRounds "11"]
[EventCountry "AUT"]
[WhiteTeam "tschaturanga"]
[BlackTeam "SG Mistelbach/Altlichtenwarth"]

1. e4 e5 2. Nf3 Nc6 3. Bc4 Nf6 4. d3 Bc5 5. O-O d6 6. c3 O-O 7. a4 a5 8. h3 Be6
9. Nbd2 h6 10. Bxe6 fxe6 11. Nc4 Qd7 12. Be3 Bxe3 13. fxe3 Rf7 14. Qe1 Ne7 15.
Ncxe5 dxe5 16. Nxe5 Qd6 17. Nxf7 Kxf7 18. d4 e5 19. Qg3 Nc6 20. Rf5 Re8 21.
Raf1 exd4 22. Qxd6 cxd6 23. exd4 Rxe4 24. Rb5 Re7 25. d5 Ne5 26. Rxa5 Kg6 27.
Rb5 Ne4 28. Rb4 Ng3 29. Re1 h5 30. Kh2 Nf5 31. Rbe4 h4 32. c4 Kf6 33. a5 Nxc4
34. b3 Nxa5 35. Rxe7 Nxe7 36. Re6+ Kf7 37. Rxd6 Nxb3 38. Rb6 Nc5 39. Rb5 Nd7
40. Rxb7 Ke8 41. g3 hxg3+ 42. Kxg3 Nxd5 43. Kg4  1/2-1/2

[Event "2. Bundesliga Ost 2019/2020"]
[Site "alle Wien"]
[Date "2019.11.17"]
[Round "4"]
[Board "6"]
[White "Hajek, Oskar"]
[Black "Leitner, Gerald"]
[Result "0-1"]
[WhiteElo "2166"]
[BlackElo "2139"]
[PlyCount "84"]
[EventDate "2019.10.19"]
[EventType "team"]
[EventRounds "11"]
[EventCountry "AUT"]
[WhiteTeam "SG Mistelbach/Altlichtenwarth"]
[BlackTeam "tschaturanga"]

1. e4 c5 2. Nf3 Nc6 3. Bb5 e6 4. O-O Nge7 5. Re1 a6 6. Bf1 d5 7. exd5 Nxd5 8.
d4 Be7 9. c4 Nf6 10. Be3 cxd4 11. Nxd4 Bd7 12. Nb3 O-O 13. Nc3 Bb4 14. Bg5 Bxc3
15. bxc3 Qe7 16. Bxf6 gxf6 17. Qh5 f5 18. Rad1 Rad8 19. Bd3 Qf6 20. Re3 Ne5 21.
Nd4 Bc6 22. f4 Ng6 23. Rh3 Qg7 24. Rg3 Kh8 25. Rf1 Rg8 26. Kh1 Qf6 27. Qe2 Nh4
28. Rf2 Rxg3 29. hxg3 Ng6 30. Qe3 Ne7 31. Rb2 Ng8 32. Be2 Be4 33. Bf3 Qh6+ 34.
Kg1 Nf6 35. Bxe4 fxe4 36. Rxb7 e5 37. Nc2 Rd1+ 38. Ne1 Ng4 39. Qxe4 Qh2+ 40.
Kf1 Qh1+ 41. Ke2 Qxe1+ 42. Kf3 Nh2#  0-1

[Event "2. Bundesliga Ost 2019/2020"]
[Site "alle Wien"]
[Date "2019.11.17"]
[Round "4"]
[Board "1"]
[White "Stanec, Nikolaus"]
[Black "Lipka, Juraj"]
[Result "1-0"]
[WhiteElo "2511"]
[BlackElo "2405"]
[PlyCount "73"]
[EventDate "2019.10.19"]
[EventType "team"]
[EventRounds "11"]
[EventCountry "AUT"]
[WhiteTeam "SC Donaustadt"]
[BlackTeam "ASVOE Pamhagen"]

1. c4 g6 2. Nc3 Bg7 3. d4 d6 4. Nf3 Nf6 5. g3 O-O 6. Bg2 c5 7. dxc5 dxc5 8. Bf4
Nc6 9. Ne5 Nd4 10. Nd3 Ne6 11. Be5 Ne8 12. Bxg7 Kxg7 13. O-O Kg8 14. Qc1 Nd6
15. Rd1 Rb8 16. Nf4 Nxf4 17. Qxf4 Be6 18. Bd5 Qc8 19. b3 b5 20. cxb5 Nxb5 21.
Nxb5 Rxb5 22. Qc4 a6 23. Bxe6 Qxe6 24. Qxe6 fxe6 25. Rac1 a5 26. Rd7 Kf7 27.
Rc7 a4 28. R1xc5 Rfb8 29. Rxb5 Rxb5 30. Rc3 axb3 31. axb3 e5 32. Kf1 Ke6 33.
Ke1 Ra5 34. h4 Ra2 35. Kd1 Rb2 36. Re3 Rb1+ 37. Kc2  1-0

[Event "2. Bundesliga Ost 2019/2020"]
[Site "alle Wien"]
[Date "2019.11.17"]
[Round "4"]
[Board "2"]
[White "Volkmann, Friedrich Karl"]
[Black "Pingitzer, Harald"]
[Result "1/2-1/2"]
[WhiteElo "2403"]
[BlackElo "2334"]
[PlyCount "63"]
[EventDate "2019.10.19"]
[EventType "team"]
[EventRounds "11"]
[EventCountry "AUT"]
[WhiteTeam "ASVOE Pamhagen"]
[BlackTeam "SC Donaustadt"]

1. d4 d5 2. c4 c5 3. cxd5 Qxd5 4. Nf3 cxd4 5. Nc3 Qa5 6. Nxd4 Nf6 7. g3 e5 8.
Nb3 Qc7 9. Bg2 Bb4 10. Bd2 O-O 11. Nb5 Qc4 12. Na3 Bxa3 13. bxa3 Nc6 14. Qc1
Be6 15. Qxc4 Bxc4 16. Rc1 Bd5 17. Bxd5 Nxd5 18. e3 Rac8 19. Ke2 f6 20. Rc5 Nde7
21. Rhc1 Kf7 22. Rb5 b6 23. a4 Rb8 24. Na1 a6 25. Rb3 b5 26. axb5 Rxb5 27. Ra3
Nb8 28. Nb3 Rc8 29. Rxc8 Nxc8 30. e4 Nb6 31. Kd3 N6d7 32. Be3  1/2-1/2

[Event "2. Bundesliga Ost 2019/2020"]
[Site "alle Wien"]
[Date "2019.11.17"]
[Round "4"]
[Board "3"]
[White "Exler, Veronika"]
[Black "Vitouch, Anatol"]
[Result "1/2-1/2"]
[WhiteElo "2222"]
[BlackElo "2286"]
[PlyCount "46"]
[EventDate "2019.10.19"]
[EventType "team"]
[EventRounds "11"]
[EventCountry "AUT"]
[WhiteTeam "SC Donaustadt"]
[BlackTeam "ASVOE Pamhagen"]

1. e4 d5 2. exd5 Qxd5 3. Nc3 Qd8 4. d4 Nf6 5. Nf3 Bg4 6. h3 Bxf3 7. Qxf3 c6 8.
Be3 e6 9. O-O-O Nd5 10. Nxd5 Qxd5 11. Qxd5 cxd5 12. c4 Nc6 13. c5 g6 14. Bb5
Bg7 15. h4 h5 16. f3 a6 17. Ba4 O-O-O 18. Bg5 Rd7 19. Rhe1 Nxd4 20. Bxd7+ Kxd7
21. Be3 Nf5 22. Bf2 Bf6 23. g3 Kc6  1/2-1/2

[Event "2. Bundesliga Ost 2019/2020"]
[Site "alle Wien"]
[Date "2019.11.17"]
[Round "4"]
[Board "4"]
[White "Alvir, Aco"]
[Black "Schwab, Lukas"]
[Result "1/2-1/2"]
[WhiteElo "2338"]
[BlackElo "2166"]
[PlyCount "81"]
[EventDate "2019.10.19"]
[EventType "team"]
[EventRounds "11"]
[EventCountry "AUT"]
[WhiteTeam "ASVOE Pamhagen"]
[BlackTeam "SC Donaustadt"]

1. e4 e5 2. Nf3 Nc6 3. Bc4 Bc5 4. c3 Nf6 5. d4 exd4 6. cxd4 Bb4+ 7. Bd2 Bxd2+
8. Nbxd2 d5 9. exd5 Nxd5 10. Qb3 Nce7 11. O-O O-O 12. Rfe1 c6 13. Ne5 Qc7 14.
Ne4 Bf5 15. Rac1 Rad8 16. Qf3 Bxe4 17. Qxe4 Qd6 18. Bb3 Ng6 19. Nf3 Qf6 20. Bc2
Qf4 21. g3 Qxe4 22. Bxe4 Nge7 23. Re2 g6 24. Rce1 Nf6 25. Bc2 Ned5 26. Bb3 Kg7
27. Kf1 Rfe8 28. Re5 h6 29. a3 Kf8 30. R1e2 Re7 31. Ke1 Rde8 32. Kd2 Nd7 33.
Rxe7 Rxe7 34. Bxd5 Rxe2+ 35. Kxe2 cxd5 36. Kd3 Nf6 37. Ne5 Ke7 38. f3 Ne8 39.
b3 Nc7 40. a4 Ne6 41. Ke3  1/2-1/2

[Event "2. Bundesliga Ost 2019/2020"]
[Site "alle Wien"]
[Date "2019.11.17"]
[Round "4"]
[Board "5"]
[White "Froewis, Annika"]
[Black "Franzen, Jozef"]
[Result "0-1"]
[WhiteElo "2074"]
[BlackElo "2238"]
[PlyCount "158"]
[EventDate "2019.10.19"]
[EventType "team"]
[EventRounds "11"]
[EventCountry "AUT"]
[WhiteTeam "SC Donaustadt"]
[BlackTeam "ASVOE Pamhagen"]

1. e4 g6 2. d4 Bg7 3. Nc3 d6 4. Be3 a6 5. Qd2 b5 6. a3 Bb7 7. O-O-O Nd7 8. d5
c6 9. dxc6 Bxc6 10. Bd4 Ngf6 11. f3 O-O 12. h4 h5 13. g4 Ne5 14. gxh5 Nxh5 15.
f4 Bh6 16. Be3 Ng4 17. Nh3 e5 18. Kb1 Nxe3 19. Qxe3 exf4 20. Qd2 Ng3 21. Rh2
Bxe4 22. Nxf4 Bf3 23. Re1 Nh5 24. Rf2 Bxf4 25. Qd3 Bc6 26. Be2 Bg3 27. Bxh5
Bxf2 28. Rf1 Qxh4 29. Bf3 Bxf3 30. Qxf3 Qg3 31. Qf6 Rae8 32. Rxf2 Re1+ 33. Ka2
Re6 34. Qd4 Qe5 35. Qh4 Rc8 36. Rh2 Rxc3 37. bxc3 Qf6 38. Qh3 Kf8 39. Qg2 Qxc3
40. Qa8+ Re8 41. Qb7 Kg7 42. Qh1 Re1 43. Rh7+ Kg8 44. Rh8+ Qxh8 45. Qxe1 Qd4
46. Kb1 Kg7 47. Qa5 Qa7 48. Qc3+ Kf8 49. Qc6 Qg1+ 50. Kb2 Qd4+ 51. Kb1 b4 52.
a4 g5 53. Qxa6 g4 54. Qa5 Qf4 55. Qd8+ Kg7 56. Qh4 Qf5 57. Kb2 Qe5+ 58. Kb1 f5
59. a5 Qxa5 60. Qe7+ Kg6 61. Qxd6+ Kh5 62. Qf4 Qc5 63. Ka1 Qc3+ 64. Kb1 Qe1+
65. Kb2 Qe4 66. Qb8 Qd4+ 67. Ka2 f4 68. Qb7 f3 69. Qh7+ Kg5 70. Qe7+ Kf4 71.
Qc7+ Ke3 72. Qg3 Ke2 73. Qc7 f2 74. Qe7+ Qe3 75. Qxb4 Qe6+ 76. Kb2 f1=Q 77.
Qb5+ Kf2 78. Qc5+ Kg2 79. c3 Qf2+  0-1

[Event "2. Bundesliga Ost 2019/2020"]
[Site "alle Wien"]
[Date "2019.11.17"]
[Round "4"]
[Board "6"]
[White "Kuthan, Andreas"]
[Black "Hechl, Fabian"]
[Result "1-0"]
[WhiteElo "2194"]
[BlackElo "1978"]
[PlyCount "75"]
[EventDate "2019.10.19"]
[EventType "team"]
[EventRounds "11"]
[EventCountry "AUT"]
[WhiteTeam "ASVOE Pamhagen"]
[BlackTeam "SC Donaustadt"]

1. d4 Nf6 2. c4 g6 3. Nc3 Bg7 4. e4 O-O 5. Be3 d6 6. f3 e5 7. Nge2 Nc6 8. d5
Na5 9. Nc1 c5 10. dxc6 Nxc6 11. Nb3 Ne8 12. Be2 Nc7 13. Qd2 Qe7 14. O-O-O Rd8
15. Nd5 Nxd5 16. cxd5 Nb8 17. g4 a5 18. Kb1 a4 19. Na5 Nd7 20. Rc1 Nc5 21. Qb4
Bd7 22. Nc4 b5 23. Nb6 Na6 24. Qa5 Ra7 25. Nxd7 Rdxd7 26. Rc8+ Bf8 27. Bxa7
Rxa7 28. Bxb5 Nc5 29. Qd8 Qxd8 30. Rxd8 Rb7 31. Bc6 Rb4 32. Rd1 f5 33. gxf5
gxf5 34. Bd7 Kf7 35. Bxf5 Bh6 36. Rxd6 Be3 37. Rc6 Bd4 38. Rxd4  1-0

[Event "2. Bundesliga Ost 2019/2020"]
[Site "alle Wien"]
[Date "2019.11.17"]
[Round "4"]
[Board "1"]
[White "Pacher, Milan"]
[Black "Rubil, Marko"]
[Result "1/2-1/2"]
[WhiteElo "2437"]
[BlackElo "2290"]
[PlyCount "60"]
[EventDate "2019.10.19"]
[EventType "team"]
[EventRounds "11"]
[EventCountry "AUT"]
[WhiteTeam "SK Austria Wien"]
[BlackTeam "SK Advisory Invest Baden"]

1. e4 e5 2. Nf3 Nc6 3. Bb5 a6 4. Ba4 Nf6 5. O-O Be7 6. Re1 b5 7. Bb3 d6 8. c3
O-O 9. h3 Na5 10. Bc2 c5 11. d4 Qc7 12. Nbd2 Nc6 13. d5 Nd8 14. a4 Rb8 15. Nf1
Ne8 16. b3 g6 17. g4 Ng7 18. Ng3 f6 19. Be3 Nf7 20. Qd2 Bd7 21. axb5 axb5 22.
Bd3 Ra8 23. Kg2 Qb7 24. Qb2 Rfb8 25. Nd2 Kh8 26. f3 Rg8 27. Rxa8 Rxa8 28. Ra1
Ra6 29. Nb1 Ne8 30. h4 Nc7  1/2-1/2

[Event "2. Bundesliga Ost 2019/2020"]
[Site "alle Wien"]
[Date "2019.11.17"]
[Round "4"]
[Board "2"]
[White "Unuk, Laura"]
[Black "Macko, Miroslav"]
[Result "1/2-1/2"]
[WhiteElo "2278"]
[BlackElo "2303"]
[PlyCount "70"]
[EventDate "2019.10.19"]
[EventType "team"]
[EventRounds "11"]
[EventCountry "AUT"]
[WhiteTeam "SK Advisory Invest Baden"]
[BlackTeam "SK Austria Wien"]

1. d4 d5 2. c4 e6 3. Nf3 Bb4+ 4. Nc3 dxc4 5. Qa4+ Nc6 6. e4 Nf6 7. Bg5 Bd7 8.
Qc2 h6 9. Bd2 b5 10. Nxb5 Bxd2+ 11. Nxd2 a6 12. Na3 Nxd4 13. Qxc4 Bb5 14. Nxb5
axb5 15. Qc5 Qd6 16. Bxb5+ Ke7 17. Qxd6+ cxd6 18. Bd3 Rhb8 19. Nc4 d5 20. exd5
exd5 21. Ne3 Rxb2 22. a4 Nb3 23. Ra3 Nc5 24. Bc2 d4 25. Nf5+ Kf8 26. Nxd4 Rd8
27. Rc3 Nxa4 28. Bxa4 Rxd4 29. Bc2 g6 30. O-O Rd2 31. Rf3 Kg7 32. Bb3 g5 33. h3
h5 34. Re3 Nd5 35. Bxd5 Rxd5  1/2-1/2